000
00319nam a22001457a 4500
003
OSt
005
20220221110700.0
008
220221b |||||||| |||| 00| 0 eng d
020
_a
9789383284566
040
_c
HU
082
_a
667.2
100
_a
Prasad
_9
24709
245
_a
Textile Coloration
942
_2
ddc
_c
BOOKS
_n
0
999
_c
30994
_d
30994